|
|
|
|
| LEADER |
00000nab a2200000 ar4500 |
| 001 |
vtls010512887 |
| 003 |
SK-MaSNL |
| 005 |
20260303213148.0 |
| 008 |
130523c2013 xo wr|p|||||||000 b|slo |
| 038 |
|
|
|a PPPK
|
| 040 |
|
|
|a PPPKCL
|b slo
|c PPPKCL
|e AACR2
|
| 041 |
0 |
|
|a slo
|
| 044 |
|
|
|a xo
|c SK
|
| 080 |
|
|
|a 796.386
|2 2001
|
| 080 |
|
|
|a 373.5/.6+377.1/.3
|2 2001
|
| 245 |
0 |
0 |
|a Okresné kolo stredných škôl v stolnom tenise
|c [text a foto] (mny)
|
| 300 |
|
|
|b Fotogr.
|
| 610 |
2 |
7 |
|a Stredná odborná škola elektrotechnická (Matejovce, Poprad, Slovensko)
|2 pppkcl
|9 165473
|
| 611 |
2 |
7 |
|a Okresné kolo stredných škôl v stolnom tenise
|d (2013 :
|c Matejovce, Slovensko)
|2 pppkcl
|9 1246709
|
| 648 |
|
7 |
|a 15.-16.1.2013
|2 pppkcl
|9 1246710
|
| 650 |
0 |
7 |
|a stolný tenis
|2 pppkcl
|9 25562
|
| 650 |
0 |
7 |
|a stredné školy
|2 pppkcl
|9 1279
|
| 650 |
0 |
7 |
|a okresné kolá
|2 pppkcl
|9 1023776
|
| 651 |
|
7 |
|a Matejovce (Poprad, Slovensko)
|2 pppkcl
|9 54499
|
| 773 |
0 |
|
|t Podtatranský kuriér : spoločensko-ekonomický týždenník
|g Roč. III, č. 4 (2013), s. 11
|x 1338-5402
|
| 852 |
|
|
|a PPPK
|b KIS3GCP
|
| 999 |
|
|
|c 2210913
|d 2212843
|